Adivina la pelicula #3 - Estadísticas

Estadísticas generales
  • Esta prueba ha sido intentada 24 veces
  • La puntuación promedio es 2 de 16
Estadísticas de respuestas
Imagen Respuesta % Correcto
Million Dollar Baby
43%
Beetlejuice
39%
I, Tonya
26%
The Social Network
26%
The Wolf of Wall Street
22%
Jojo Rabbit
17%
The Prestige
17%
Babylon
13%
Poor Things
13%
Baby Driver
9%
The shining
9%
Ed Wood
4%
Inglourious Basterds
4%
Late Night With The Devil
4%
Closer
0%
The Shape of Water
0%
No se encontraron pruebas coincidentes
Distribución de puntuación
Porcentaje de gente con cada puntuación
Porcentaje por número respondido
Historial de tus puntuaciones
No has intentado esta prueba.